[Event "OPEN B"]
[Site "?"]
[Date "????.??.??"]
[Round "9.7"]
[White "Franc, O."]
[Black "Soltys, R."]
[Result "0-1"]
[WhiteElo "1598"]
[BlackElo "1568"]
[PlyCount "104"]
[EventDate "2008.08.22"]
[SourceDate "2008.08.30"]

1. d4 d5 2. c4 c6 3. Nf3 Nf6 4. Nc3 e6 5. e3 Bd6 6. Bd3 O-O 7. O-O Nbd7 8. e4
dxe4 9. Nxe4 Nxe4 10. Bxe4 Nf6 11. Bc2 c5 12. dxc5 Bxc5 13. b3 b6 14. Bb2 Be7
15. Qxd8 Rxd8 16. Rad1 Bb7 17. Nd4 a5 18. a4 Rd7 19. Nb5 Rad8 20. Rxd7 Rxd7 21.
Rd1 Rxd1+ 22. Bxd1 Bc5 23. Bxf6 gxf6 24. Kf1 Be4 25. Nc3 Bd3+ 26. Be2 Bc2 27.
Bd1 Bxd1 28. Nxd1 f5 29. Ke2 Kg7 30. f3 h5 31. h3 f4 32. Kd3 f5 33. Nc3 Kf6 34.
Ne2 Bd6 35. Nc3 Ke7 36. Na2 Kd7 37. Kc3 Kc6 38. Kd3 Be5 39. b4 Bd6 40. b5+ Kc5
41. Kc3 Be5+ 42. Kd3 Ba1 43. Nc1 Kb4 44. Na2+ Kxa4 45. Nc3+ Bxc3 46. Kxc3 e5
47. h4 e4 48. Kd4 e3 49. Kd3 Kb4 50. g3 fxg3 51. Kxe3 f4+ 52. Ke2 Kxc4 0-1

[Event "Open B"]
[Site "?"]
[Date "2008.??.??"]
[Round "9.8"]
[White "Lorenc, D."]
[Black "Nguyenova, A."]
[Result "1/2-1/2"]
[WhiteElo "1568"]
[BlackElo "1366"]
[PlyCount "42"]
[EventDate "2008.??.??"]

1. e4 c6 2. Nf3 d5 3. Nc3 dxe4 4. Nxe4 Bg4 5. h3 Bh5 6. Ng3 Bg6 7. h4 h6 8. h5
Bh7 9. Bc4 e6 10. Qe2 Nf6 11. Ne5 Nd5 12. d3 Nd7 13. Nxd7 Qxd7 14. Qe5 Qd6 15.
Qxd6 Bxd6 16. Ne4 Be7 17. Bd2 O-O-O 18. O-O-O Bc5 19. f3 Ne3 20. Bxe3 Bxe3+ 21.
Kb1 b5 1/2-1/2

[Event "?"]
[Site "?"]
[Date "????.??.??"]
[Round "9.10"]
[White "Fiala, J."]
[Black "Mates, M."]
[Result "1-0"]
[WhiteElo "1658"]
[BlackElo "1661"]
[PlyCount "66"]
[EventDate "2008.08.22"]
[SourceDate "2008.08.30"]

1. e4 d6 2. d4 g6 3. c3 Bg7 4. f4 e6 5. Nf3 Ne7 6. Bd3 b6 7. O-O O-O 8. Be3 Bb7
9. Nbd2 a6 10. Qe2 f5 11. Ng5 Qd7 12. h4 h6 13. Ngf3 fxe4 14. Nxe4 Nf5 15. Bd2
Bxe4 16. Qxe4 d5 17. Qe1 Qf7 18. g4 Nd6 19. Ne5 Bxe5 20. fxe5 Nf5 21. gxf5 gxf5
22. Bxh6 Qg6+ 23. Bg5 Nd7 24. Kf2 Rf7 25. Rh1 Rh7 26. Qe3 c5 27. Rag1 Qf7 28.
Be2 Rg7 29. h5 Nf8 30. h6 Rg6 31. Bh5 Nh7 32. Bxg6 Qxg6 33. Bf6 Kf7 1-0

[Event "OPEN B"]
[Site "?"]
[Date "2008.08.30"]
[Round "9.11"]
[White "Hatas, R."]
[Black "Mejzlik, J."]
[Result "1-0"]
[WhiteElo "1564"]
[BlackElo "1451"]
[PlyCount "59"]
[EventDate "2008.08.23"]
[SourceDate "2008.08.30"]

1. e4 d6 2. d4 Nf6 3. Nc3 g6 4. Bg5 Bg7 5. e5 dxe5 6. dxe5 Qxd1+ 7. Rxd1 Ng4 8.
h3 Nxe5 9. Nd5 Kd7 10. Nb6+ Kc6 11. Nxa8 h6 12. Be3 b6 13. g3 Kb7 14. Bg2+ c6
15. Nxb6 axb6 16. b3 Bf5 17. Rd2 g5 18. g4 Bg6 19. Ne2 Kc7 20. O-O c5 21. f4
gxf4 22. Nxf4 e6 23. Nxg6 fxg6 24. Be4 Nbd7 25. Bf4 g5 26. Bg3 Kc8 27. Rfd1 Rf8
28. Kg2 Rf7 29. Rd6 Nf6 30. Rd8+ 1-0

[Event "OPEN B"]
[Site "?"]
[Date "2008.08.30"]
[Round "9.12"]
[White "Silhanek, J."]
[Black "Hatasova, M."]
[Result "1-0"]
[WhiteElo "1763"]
[BlackElo "1347"]
[PlyCount "87"]
[EventDate "2008.08.23"]
[SourceDate "2008.08.30"]

1. e4 e5 2. Nf3 Nc6 3. Bb5 d6 4. c3 Nf6 5. Qe2 Be7 6. h3 O-O 7. O-O h6 8. Rd1
a6 9. Ba4 Be6 10. d4 b5 11. dxe5 bxa4 12. exf6 Bxf6 13. Nd4 Qe8 14. Nxe6 Qxe6
15. Nd2 Rfe8 16. Re1 d5 17. f3 Bg5 18. Nf1 Bxc1 19. Raxc1 dxe4 20. Qxe4 Qxe4
21. Rxe4 Rxe4 22. fxe4 Rd8 23. Rc2 Kf8 24. Kf2 Ke7 25. Ne3 Ke6 26. Nf5 Kf6 27.
Ke3 Ne5 28. Rf2 Kg6 29. Ne7+ Kh7 30. Nd5 f6 31. Nxc7 a5 32. Nd5 a3 33. b3 Rc8
34. c4 Rb8 35. Kd4 a4 36. Kc3 axb3 37. axb3 Ra8 38. Ra2 Ra7 39. b4 Kg8 40. b5
Nd7 41. Kb4 Kf7 42. c5 Ke8 43. b6 Ra8 44. Nc7+ 1-0

[Event "Open B"]
[Site "?"]
[Date "2008.??.??"]
[Round "9.13"]
[White "Pospisil, P."]
[Black "Riha, F."]
[Result "1/2-1/2"]
[WhiteElo "1747"]
[BlackElo "1469"]
[PlyCount "54"]
[EventDate "2008.??.??"]

1. d4 d5 2. c4 e6 3. Nc3 Nf6 4. Bg5 Be7 5. Nf3 Nc6 6. e3 a6 7. a4 b6 8. Be2 Bb7
9. O-O O-O 10. Qc2 dxc4 11. Bxc4 Nd7 12. Bf4 Nb4 13. Qe2 Rc8 14. Rfd1 Bd6 15.
Bg5 Qe8 16. Rac1 c6 17. Na2 Nd5 18. Bxa6 Bxa6 19. Qxa6 Ra8 20. Qc4 Rc8 21. Nc3
N7f6 22. e4 Nxc3 23. Rxc3 Nxe4 24. Re3 Nxg5 25. Nxg5 Bf4 26. Rxe6 fxe6 27. Nxe6
Qf7 1/2-1/2

[Event "OPEN B"]
[Site "?"]
[Date "????.??.??"]
[Round "9.14"]
[White "Kozel, P."]
[Black "Silhavy, J."]
[Result "1/2-1/2"]
[WhiteElo "1250"]
[BlackElo "1633"]
[PlyCount "63"]
[EventDate "2008.08.22"]
[SourceDate "2008.08.30"]

1. e4 e5 2. Nf3 Nc6 3. Bc4 Nf6 4. d3 Be7 5. Nc3 O-O 6. Bg5 d6 7. Bxf6 Bxf6 8.
h3 Na5 9. Bb3 Nxb3 10. axb3 c6 11. O-O b5 12. Ne2 c5 13. c4 b4 14. Ng3 g6 15.
Qd2 Bg7 16. Rfe1 a5 17. Qc1 Bd7 18. Rf1 Qe7 19. Nd2 a4 20. bxa4 Bxa4 21. b3 Bc6
22. Qb2 f5 23. Rxa8 Rxa8 24. f3 f4 25. Nh1 h5 26. Nf2 Bf6 27. Kh1 Bh4 28. Kg1
Kh7 29. Qc2 Kh6 30. Qb2 Bd7 31. Qc2 Ra7 32. Qc1 1/2-1/2

[Event "OPEN B"]
[Site "?"]
[Date "????.??.??"]
[Round "9.15"]
[White "Soltysova, A."]
[Black "Mala, A."]
[Result "1-0"]
[WhiteElo "1543"]
[BlackElo "1423"]
[PlyCount "58"]
[EventDate "2008.08.22"]
[SourceDate "2008.08.30"]

1. d4 g6 2. c4 Bg7 3. Nf3 Nf6 4. Nc3 O-O 5. e4 d6 6. Bd3 Bg4 7. Be3 Nbd7 8. h3
Bxf3 9. Qxf3 e5 10. d5 c6 11. O-O Nb6 12. Rac1 Rc8 13. Qe2 c5 14. g3 Qd7 15.
Kg2 Nh5 16. Qg4 Qxg4 17. hxg4 Nf6 18. f3 a6 19. Rh1 Nbd7 20. Rh2 Rfe8 21. Rch1
Nf8 22. Ne2 Rb8 23. g5 N6d7 24. b3 b6 25. f4 Red8 26. f5 Re8 27. g4 Rb7 28. Nc3
Reb8 29. a4 Bh8 1-0

[Event "OPEN B"]
[Site "?"]
[Date "2008.08.30"]
[Round "9.16"]
[White "Brezinova, J."]
[Black "Pycha, P."]
[Result "1/2-1/2"]
[WhiteElo "1496"]
[BlackElo "1312"]
[PlyCount "44"]
[EventDate "2008.08.22"]
[SourceDate "2008.08.30"]

1. e4 e5 2. Nf3 Nc6 3. Bb5 a6 4. Ba4 d6 5. h3 Nf6 6. Nc3 b5 7. Bb3 Bb7 8. d3
Be7 9. a3 O-O 10. Bd2 Na5 11. Ba2 c5 12. b4 Nc6 13. Ne2 Qc7 14. O-O Nd4 15.
Nexd4 cxd4 16. c4 dxc3 17. Bxc3 Rac8 18. Rc1 Qb6 19. Bd2 Rxc1 20. Bxc1 Qc7 21.
Be3 Rc8 22. Bb3 Qd7 1/2-1/2

[Event "OPEN B"]
[Site "?"]
[Date "2008.08.30"]
[Round "9.17"]
[White "Skvaril, M."]
[Black "Skalicky, T."]
[Result "1-0"]
[WhiteElo "1250"]
[BlackElo "1493"]
[PlyCount "57"]
[EventDate "2008.08.22"]
[SourceDate "2008.08.30"]

1. e4 c6 2. d4 d5 3. exd5 cxd5 4. c4 Nf6 5. Nc3 Nc6 6. Bg5 e6 7. Nf3 Be7 8. Be2
O-O 9. O-O h6 10. Bh4 b6 11. Re1 Bb7 12. Rc1 Rc8 13. Bd3 Na5 14. cxd5 Bxd5 15.
Nxd5 Nxd5 16. Bxe7 Qxe7 17. Qe2 Rc7 18. Qe4 Nf6 19. Qe5 Rfc8 20. Rxc7 Rxc7 21.
d5 Rd7 22. Be4 Nxe4 23. Qxe4 Rd6 24. Nd4 Qf6 25. dxe6 fxe6 26. Nxe6 Qxb2 27. h3
Qf6 28. Qa8+ Kf7 29. Qf8+ 1-0

[Event "Open B"]
[Site "?"]
[Date "2008.??.??"]
[Round "9.19"]
[White "Psenicka, T."]
[Black "Rathousky, J."]
[Result "1-0"]
[WhiteElo "1699"]
[BlackElo "1240"]
[PlyCount "53"]
[EventDate "2008.??.??"]

1. d4 d5 2. Nf3 Bg4 3. e3 Nc6 4. h3 Bh5 5. Be2 f6 6. Nh2 Bxe2 7. Qxe2 e5 8.
dxe5 fxe5 9. Bd2 Qg5 10. O-O O-O-O 11. f4 exf4 12. exf4 Qf6 13. Ng4 Qxb2 14.
Bc3 Qb6+ 15. Kh1 Nf6 16. Nxf6 d4 17. Qe6+ Kb8 18. Nd7+ $3 Rxd7 19. Qxd7 Be7 20.
Bxd4 Qxd4 21. Qxd4 Nxd4 22. Nd2 Rd8 23. Nc4 Nxc2 24. Rab1 Nd4 25. Ne5 Rd5 26.
Rfd1 Rd6 27. Rxd4 1-0

[Event "OPEN B"]
[Site "?"]
[Date "2008.08.30"]
[Round "9.20"]
[White "Kutil, P."]
[Black "Kotka, T."]
[Result "0-1"]
[WhiteElo "1409"]
[BlackElo "1400"]
[PlyCount "40"]
[EventDate "2008.08.22"]
[SourceDate "2008.08.30"]

1. e4 e5 2. Nf3 Nc6 3. Bb5 f5 4. Nc3 fxe4 5. Bxc6 bxc6 6. Nxe4 d5 7. Nc3 e4 8.
Nd4 Qg5 9. O-O Bh3 10. g3 Bxf1 11. d3 Qg6 12. Kxf1 Bc5 13. Nb3 Bb6 14. dxe4
dxe4 15. Bf4 Nf6 16. Be5 O-O 17. Qe2 Ng4 18. Qc4+ Qf7 19. Qxf7+ Rxf7 20. Bf4 g5
0-1

[Event "OPEN B"]
[Site "?"]
[Date "2008.08.30"]
[Round "9.21"]
[White "Krizek, F."]
[Black "Studzinski, B."]
[Result "1-0"]
[WhiteElo "1432"]
[BlackElo "1000"]
[PlyCount "66"]
[EventDate "2008.08.23"]
[SourceDate "2008.08.30"]

1. d4 d6 2. Bg5 Nd7 3. c3 Ngf6 4. Nf3 g6 5. Nbd2 Bg7 6. e4 O-O 7. Bd3 Rb8 8.
Nc4 Re8 9. O-O Nf8 10. Ncd2 c6 11. e5 dxe5 12. Nxe5 Be6 13. Re1 Rc8 14. Ndf3
Ng4 15. Nxg4 Bxg4 16. Be2 Ne6 17. Be3 Nc7 18. h3 Be6 19. Ne5 Nd5 20. Bd2 Nb6
21. b3 Nd7 22. f4 c5 23. Bb5 cxd4 24. cxd4 f6 25. Nxd7 Bxd7 26. Bc4+ Kf8 27.
Rc1 f5 28. Be3 Rc6 29. a4 a5 30. d5 Rc8 31. Qd2 e5 32. Qf2 exf4 33. Bxf4 Bb2
1-0

[Event "OPEN B"]
[Site "?"]
[Date "2008.08.30"]
[Round "9.22"]
[White "Vinecky, J."]
[Black "Sochurek, P."]
[Result "1-0"]
[WhiteElo "1427"]
[BlackElo "1451"]
[PlyCount "79"]
[EventDate "2008.08.23"]
[SourceDate "2008.08.30"]

1. e4 c5 2. Nf3 Nc6 3. c3 e5 4. d3 Be7 5. Be2 d6 6. O-O h6 7. Na3 a6 8. Nc2 Nf6
9. h3 Be6 10. b3 Qd7 11. Nh2 h5 12. f4 exf4 13. Bxf4 O-O-O 14. Bf3 Ne5 15. Bxe5
dxe5 16. Qe2 Qxd3 17. Qxd3 Rxd3 18. c4 Rhd8 19. Na3 R8d6 20. Rad1 Rd2 21. Rxd2
Rxd2 22. Rf2 Rd4 23. Nc2 Rd7 24. Ne3 g6 25. Nd5 Bd8 26. Re2 b5 27. Nf1 bxc4 28.
bxc4 Rb7 29. Kh2 Rb1 30. Nfe3 Nd7 31. g4 h4 32. g5 Bxg5 33. Ng4 Nb6 34. Kg2 Rc1
35. Nxe5 Nxc4 36. Nxc4 Rxc4 37. Nb6+ Kc7 38. Nxc4 Bxc4 39. Rc2 Be6 40. Rxc5+
1-0

[Event "Open B"]
[Site "?"]
[Date "2008.??.??"]
[Round "9.23"]
[White "Starek"]
[Black "Rut"]
[Result "1-0"]
[WhiteElo "1250"]
[BlackElo "1250"]
[PlyCount "41"]
[EventDate "2008.??.??"]

1. d4 d5 2. c4 e5 3. e3 Nc6 4. Nc3 dxc4 5. d5 Nce7 6. Bxc4 Nf6 7. e4 Qd6 8. Bg5
h6 9. Bxf6 Qxf6 10. h3 Ng6 11. Nf3 Bb4 12. Qa4+ Bd7 13. Qxb4 Rb8 14. O-O b6 15.
Ne2 a5 16. Qb3 O-O 17. a4 Bxh3 18. gxh3 Nf4 19. Nxf4 Qxf4 20. Qe3 Qxe3 21. fxe3
1-0

[Event "OPEN B"]
[Site "?"]
[Date "2008.08.30"]
[Round "9.24"]
[White "Mulerova, K."]
[Black "Kocir, V."]
[Result "1-0"]
[WhiteElo "1250"]
[BlackElo "1273"]
[PlyCount "54"]
[EventDate "2008.08.22"]
[SourceDate "2008.08.30"]

1. e4 e5 2. Nf3 Nc6 3. Bb5 d6 4. h3 a6 5. Ba4 Nf6 6. d3 Be7 7. Bg5 b5 8. Bb3
O-O 9. O-O Be6 10. Bxe6 fxe6 11. Nc3 d5 12. a3 Bd6 13. exd5 exd5 14. Nxd5 Nd4
15. c3 Nxf3+ 16. Qxf3 Nxd5 17. Bxd8 Rxf3 18. gxf3 Rxd8 19. Kh1 Nf4 20. Rad1
Nxh3 21. d4 Re8 22. Rde1 Ng5 23. f4 Nf3 24. Re3 e4 25. f5 c5 26. Rd1 Bf4 27.
Rxe4 Rxe4 1-0

[Event "OPEN B"]
[Site "?"]
[Date "2008.08.30"]
[Round "9.25"]
[White "Pucholt, M."]
[Black "Pychova, N."]
[Result "1/2-1/2"]
[WhiteElo "1000"]
[BlackElo "1250"]
[PlyCount "74"]
[EventDate "2008.08.22"]
[SourceDate "2008.08.30"]

1. d4 Nf6 2. c4 e6 3. a3 a5 4. Nc3 b6 5. e4 d6 6. Nf3 Bb7 7. d5 e5 8. Qa4+ Qd7
9. Qxd7+ Nbxd7 10. Nb5 Rc8 11. Bd3 Be7 12. b4 a4 13. Nc3 Ba6 14. b5 Bb7 15.
Nxa4 Ra8 16. Nc3 Nc5 17. Bc2 O-O 18. Nb1 Ncxe4 19. a4 Nc5 20. Bb2 Nfd7 21. Bc3
Ra7 22. a5 bxa5 23. Rxa5 Rfa8 24. Rxa7 Rxa7 25. h4 h5 26. Ng5 Na4 27. Bd2 Nb2
28. Bh7+ Kf8 29. Bf5 Nf6 30. Be3 Ra1 31. f4 exf4 32. Bd4 Ra2 33. Nd2 Na4 34.
Bb1 Ra3 35. O-O Nc5 36. Rxf4 Ncd7 37. Bb2 Ra4 1/2-1/2

[Event "Open B"]
[Site "?"]
[Date "2008.??.??"]
[Round "9.26"]
[White "Filip, L."]
[Black "Studnicka, P."]
[Result "1/2-1/2"]
[WhiteElo "1250"]
[BlackElo "1250"]
[PlyCount "44"]
[EventDate "2008.??.??"]

1. e4 e5 2. Nc3 Nc6 3. Bc4 Bc5 4. d3 d6 5. f4 f5 6. fxe5 dxe5 7. Nf3 h6 8. h3
fxe4 9. Nxe4 Bf5 10. Nxc5 b6 11. Na4 Nf6 12. Qe2 e4 13. Nc3 Qe7 14. Nh4 Bh7 15.
Be3 O-O-O 16. O-O-O Kb8 17. g4 Na5 18. Ba6 exd3 19. cxd3 Nd5 20. Nxd5 Rxd5 21.
Nf3 Rhd8 22. Rd2 Re8 {dale necitelne} 1/2-1/2

[Event "Open B"]
[Site "?"]
[Date "2008.??.??"]
[Round "9.27"]
[White "Fojtu, J."]
[Black "Sadil, J."]
[Result "1-0"]
[WhiteElo "1250"]
[BlackElo "1000"]
[PlyCount "47"]
[EventDate "2008.??.??"]

1. e4 e5 2. Nf3 Nf6 3. Nc3 Bb4 4. d3 Bxc3+ 5. bxc3 d6 6. Rb1 Nc6 7. Be2 O-O 8.
O-O d5 9. exd5 Nxd5 10. Bd2 b6 11. c4 Nf6 12. Bc3 Re8 13. Rb5 e4 14. dxe4 Nxe4
15. Rd5 Qe7 16. Bd2 Be6 17. Rb5 Rad8 18. Bd3 Nxd2 19. Nxd2 a6 20. Rb1 Qg5 21.
Qf3 Qxd2 22. Qxc6 Rd7 23. Rbe1 Ree7 24. Qa8+ 1-0

[Event "OPEN B"]
[Site "?"]
[Date "2008.08.30"]
[Round "9.28"]
[White "Jirousek, F."]
[Black "Filip, V."]
[Result "1/2-1/2"]
[WhiteElo "1250"]
[BlackElo "1100"]
[PlyCount "40"]
[EventDate "2008.08.22"]
[SourceDate "2008.08.30"]

1. e4 e5 2. Nc3 Nf6 3. f4 d6 4. Nf3 exf4 5. d4 Be7 6. Bxf4 O-O 7. Qd2 Re8 8. h3
Nc6 9. Bb5 Bd7 10. d5 Nb8 11. Bc4 c6 12. dxc6 Nxc6 13. Ng5 Rf8 14. O-O-O Ne8
15. Qd5 Bxg5 16. Bxg5 Be6 17. Bxd8 Bxd5 18. Rxd5 Nxd8 19. e5 dxe5 20. Rxe5 Nf6
1/2-1/2